000 00727nam a2200265Ia 4500
003 OSt
005 20221006144759.0
006 a|||||r|||| 00| 0
007 ta
008 221006b |||||||| |||| 00| 0 chi d
020 _a7500407726
_cYu 17.50
024 _a12,702
037 _bGift, PRC
_cTextual
040 _aEASL
_cEASL
_bchi
041 _2chi
_achi
082 _aP41,3k, N1
100 _aMIN Jiaji etc. Ed.
_9652842
245 0 _aHanyu xinci xin yi cidian
260 _aBeijing
_bZhongguo Shehui Kexue Chubanshe China
_c1991
300 _a873p.
_ccm.
490 _v CL
650 _aCL
_9642733
942 _hP41,3k, N1
_cTEXL
_2CC
999 _c1080788
_d1080788